<?xml version="1.0" encoding="UTF-8"?><?xml-stylesheet type="text/xsl" href="static/style.xsl"?><OAI-PMH xmlns="http://www.openarchives.org/OAI/2.0/" xmlns:xsi="http://www.w3.org/2001/XMLSchema-instance" xsi:schemaLocation="http://www.openarchives.org/OAI/2.0/ http://www.openarchives.org/OAI/2.0/OAI-PMH.xsd"><responseDate>2026-04-13T01:19:39Z</responseDate><request verb="GetRecord" identifier="oai:www.recercat.cat:2445/227408" metadataPrefix="marc">https://recercat.cat/oai/request</request><GetRecord><record><header><identifier>oai:recercat.cat:2445/227408</identifier><datestamp>2026-04-07T23:03:33Z</datestamp><setSpec>com_2072_1057</setSpec><setSpec>col_2072_478917</setSpec><setSpec>col_2072_478933</setSpec></header><metadata><record xmlns="http://www.loc.gov/MARC21/slim" xmlns:dcterms="http://purl.org/dc/terms/" xmlns:xsi="http://www.w3.org/2001/XMLSchema-instance" xmlns:doc="http://www.lyncode.com/xoai" xsi:schemaLocation="http://www.loc.gov/MARC21/slim http://www.loc.gov/standards/marcxml/schema/MARC21slim.xsd">
   <leader>00925njm 22002777a 4500</leader>
   <datafield ind2=" " ind1=" " tag="042">
      <subfield code="a">dc</subfield>
   </datafield>
   <datafield ind2=" " ind1=" " tag="720">
      <subfield code="a">Guzman, Laura</subfield>
      <subfield code="e">author</subfield>
   </datafield>
   <datafield ind2=" " ind1=" " tag="720">
      <subfield code="a">Rabanal Anglada, Francesc</subfield>
      <subfield code="e">author</subfield>
   </datafield>
   <datafield ind2=" " ind1=" " tag="720">
      <subfield code="a">Garcia, Júlia</subfield>
      <subfield code="e">author</subfield>
   </datafield>
   <datafield ind2=" " ind1=" " tag="720">
      <subfield code="a">Marqués Villavecchia, Ana M.</subfield>
      <subfield code="e">author</subfield>
   </datafield>
   <datafield ind2=" " ind1=" " tag="720">
      <subfield code="a">Sánchez-López, E. (Elena)</subfield>
      <subfield code="e">author</subfield>
   </datafield>
   <datafield ind2=" " ind1=" " tag="720">
      <subfield code="a">Cano Fernández, Amanda</subfield>
      <subfield code="e">author</subfield>
   </datafield>
   <datafield ind2=" " ind1=" " tag="720">
      <subfield code="a">Cajal Visa, Yolanda</subfield>
      <subfield code="e">author</subfield>
   </datafield>
   <datafield ind2=" " ind1=" " tag="720">
      <subfield code="a">Camins Espuny, Antoni</subfield>
      <subfield code="e">author</subfield>
   </datafield>
   <datafield ind2=" " ind1=" " tag="720">
      <subfield code="a">Ettcheto Arriola, Miren</subfield>
      <subfield code="e">author</subfield>
   </datafield>
   <datafield ind2=" " ind1=" " tag="720">
      <subfield code="a">Barenys Espadaler, Marta</subfield>
      <subfield code="e">author</subfield>
   </datafield>
   <datafield ind2=" " ind1=" " tag="260">
      <subfield code="c">2026-02-25T12:41:56Z</subfield>
   </datafield>
   <datafield ind2=" " ind1=" " tag="260">
      <subfield code="c">2026-02-25T12:41:56Z</subfield>
   </datafield>
   <datafield ind2=" " ind1=" " tag="260">
      <subfield code="c">2025-07-15</subfield>
   </datafield>
   <datafield ind2=" " ind1=" " tag="260">
      <subfield code="c">2026-02-25T12:41:57Z</subfield>
   </datafield>
   <datafield ind2=" " ind1=" " tag="520">
      <subfield code="a">The rise of multidrug-resistant bacteria has made necessary the reintroduction of legacy antibiotics, such as&lt;/p>&lt;p>colistin, only used as last-resort due to its concerning derived nephro- and neuro-toxicities. This lipopeptide&lt;/p>&lt;p>antibiotic is primarily composed of two main components, colistin A and colistin B. However, their individual&lt;/p>&lt;p>toxicological profiles remain poorly understood. This study explores the potential of purified colistin B as a safer&lt;/p>&lt;p>alternative to the current colistin-based antibiotic therapy. Using the zebrafish embryo model, we assessed and&lt;/p>&lt;p>compared the lethality and neurotoxic effects of two colistin mixtures formulations with different proportions of&lt;/p>&lt;p>colistin A and B, and the toxicities of both purified primary components. Additionally, we investigated their&lt;/p>&lt;p>respective mechanisms of toxicity and the possibility of preventing their toxic effects using three antioxidant&lt;/p>&lt;p>compounds. In zebrafish embryos, colistin B has a significantly lower toxicity profile than colistin A, and in&lt;/p>&lt;p>accordance, a colistin mixture mainly composed of colistin B induces significantly less toxicity than a mixture&lt;/p>&lt;p>with colistin A as the main component. Moreover, the A-rich colistin mixture significantly increased AChE activity&lt;/p>&lt;p>whereas the B-rich colistin mixture did not. Furthermore, we demonstrate for the first time that colistin A&lt;/p>&lt;p>and colistin B have distinct mechanisms of toxicity. Notably, only colistin B toxicity is preventable by preexposure&lt;/p>&lt;p>to antioxidant compounds, whereas co-exposure provides no protective effect. Our findings open a&lt;/p>&lt;p>new door towards B-rich or B-pure colistin-based formulations as safer alternatives to current polymyxin therapies,&lt;/p>&lt;p>potentially improving their therapeutic window by reducing their adverse effects.</subfield>
   </datafield>
   <datafield tag="653" ind2=" " ind1=" ">
      <subfield code="a">Neurotoxicologia</subfield>
   </datafield>
   <datafield tag="653" ind2=" " ind1=" ">
      <subfield code="a">Antibiòtics</subfield>
   </datafield>
   <datafield tag="653" ind2=" " ind1=" ">
      <subfield code="a">Antioxidants</subfield>
   </datafield>
   <datafield tag="653" ind2=" " ind1=" ">
      <subfield code="a">Neurotoxicology</subfield>
   </datafield>
   <datafield tag="653" ind2=" " ind1=" ">
      <subfield code="a">Antibiotics</subfield>
   </datafield>
   <datafield tag="653" ind2=" " ind1=" ">
      <subfield code="a">Antioxidants</subfield>
   </datafield>
   <datafield ind2="0" ind1="0" tag="245">
      <subfield code="a">B-rich colistin and B-pure colistin as novel strategies to increase thetherapeutic window of polymyxin antibiotic therapy</subfield>
   </datafield>
</record></metadata></record></GetRecord></OAI-PMH>